Statistiken für Videospiele mit KI

Klicken Sie hier um das Quiz zu spielen!

Allgemein

  • Dieses Quiz wurde 1.807 mal gespielt
  • Das Durchschnittsergebnis liegt bei 12 aus 16

Antwortstatistiken

Antwort% Korrekt
GTA
99%
FIFA
98%
Minecraft
98%
Pokémon
98%
Fortnite
97%
Sonic the Hedgehog
97%
Tetris
97%
Pac-Man
91%
Call of Duty
90%
Red Dead Redemption
85%
Splatoon
74%
Mario Kart
67%
Brotato
47%
Phasmophobia
47%
Duck Hunt
38%
Planet Zoo
23%

Verteilung der Resultate

Perzentil nach korrekt beantworteten Fragen

Anzahl Personen mit jedem Resultat

Ihre Resultats-Entwicklung

Sie haben dieses Quiz noch nicht gespielt